Wappen Eredivisie 2025/26 - Statistiken

Allgemein
  • Dieses Quiz wurde 54 mal gespielt
  • Das Durchschnittsergebnis liegt bei 13 aus 18
Antwortstatistiken
Bildquiz Antwort % Korrekt
PSV Eindhoven
100%
AZ Alkmaar
98%
FC Groningen
98%
Ajax Amsterdam
96%
Twente Enschede
96%
Feyenoord Rotterdam
94%
FC Utrecht
92%
SC Heerenveen
84%
NEC Nijmegen
76%
Sparta Rotterdam
68%
PEC Zwolle
66%
Go Ahead Eagles Deventer
62%
Fortuna Sittard
56%
Heracles Almelo
54%
NAC Breda
52%
Excelsior Rotterdam
46%
FC Volendam
38%
Telstar Velsen
32%
Keine übereinstimmenden Quizze gefunden
Verteilung der Resultate
Anzahl Personen mit jedem Resultat
Perzentil nach korrekt beantworteten Fragen
Ihre Resultats-Entwicklung
Sie haben dieses Quiz noch nicht gespielt